Резонансный СВЧ-компрессор с полупроводниковым переключателем; Известия вузов. Физика; Т. 56, № 11-2

Библиографические подробности
Источник:Известия вузов. Физика: научный журнал/ Национальный исследовательский Томский государственный университет (ТГУ).— , 1957-
Т. 56, № 11-2.— 2013.— [С. 235-237]
Автор-организация: Национальный исследовательский Томский политехнический университет (ТПУ) Физико-технический институт (ФТИ) Лаборатория № 46
Другие авторы: Ваулин В. А. Виктор Алексеевич, Пересыпкин А. С. Антон Сергеевич, Слинко В. Н. Владимир Николаевич, Чумерин П. Ю. Павел Юрьевич, Юшков Ю. Г. Юрий Георгиевич
Примечания:Заглавие с экрана
Показана возможность создания в 3-сантиметровом диапазоне длин волн систем СВЧ-компрессии с использованием серийных p-i-n-диодов в устройстве переключателя. Разработан резонансный СВЧ-компрессор с параметрами: коэффициент усиления 10 дБ, длительность импульсов 10 нс, частота повторения импульсов 20 кГц, КПД компрессии 13 % и переходное затухание -50 дБ. Описана конструкция устройства резонансного СВЧ-компрессора с переключателем на основе серийного p-i-n-диода и приведены результаты измерения его характеристик
Режим доступа: по договору с организацией-держателем ресурса
Язык:русский
Опубликовано: 2013
Предметы:
Online-ссылка:http://elibrary.ru/item.asp?id=21115141
Формат: MixedMaterials Электронный ресурс Статья
Запись в KOHA:https://koha.lib.tpu.ru/cgi-bin/koha/opac-detail.pl?biblionumber=637573

MARC

LEADER 00000naa0a2200000 4500
001 637573
005 20250121105440.0
035 |a (RuTPU)RU\TPU\network\1725 
035 |a RU\TPU\network\586 
090 |a 637573 
100 |a 20140929d2013 k||y0rusy50 ca 
101 0 |a rus 
102 |a RU 
135 |a drcn ---uucaa 
181 0 |a i  
182 0 |a b 
200 1 |a Резонансный СВЧ-компрессор с полупроводниковым переключателем  |f В. А. Ваулин [и др.] 
203 |a Текст  |c электронный 
300 |a Заглавие с экрана 
320 |a [Библиогр.: с. 237 (4 назв.)] 
330 |a Показана возможность создания в 3-сантиметровом диапазоне длин волн систем СВЧ-компрессии с использованием серийных p-i-n-диодов в устройстве переключателя. Разработан резонансный СВЧ-компрессор с параметрами: коэффициент усиления 10 дБ, длительность импульсов 10 нс, частота повторения импульсов 20 кГц, КПД компрессии 13 % и переходное затухание -50 дБ. Описана конструкция устройства резонансного СВЧ-компрессора с переключателем на основе серийного p-i-n-диода и приведены результаты измерения его характеристик 
333 |a Режим доступа: по договору с организацией-держателем ресурса 
461 |t Известия вузов. Физика  |o научный журнал  |f Национальный исследовательский Томский государственный университет (ТГУ)  |d 1957- 
463 |t Т. 56, № 11-2  |v [С. 235-237]  |d 2013 
610 1 |a электронный ресурс 
610 1 |a труды учёных ТПУ 
610 1 |a СВЧ-энергия 
610 1 |a резонаторы 
610 1 |a компрессия 
610 1 |a резонансные компрессоры 
701 1 |a Ваулин  |b В. А.  |c радиофизик  |c ведущий инженер Томского политехнического университета  |f 1960-  |g Виктор Алексеевич  |3 (RuTPU)RU\TPU\pers\32715 
701 1 |a Пересыпкин  |b А. С.  |c специалист в области электроники  |c инженер-проектировщик Томского политехнического университета  |f 1988-  |g Антон Сергеевич  |3 (RuTPU)RU\TPU\pers\32443 
701 1 |a Слинко  |b В. Н.  |c специалист в области криогенной техники  |c ведущий инженер Томского политехнического университета  |f 1951-  |g Владимир Николаевич  |3 (RuTPU)RU\TPU\pers\29833 
701 1 |a Чумерин  |b П. Ю.  |c специалист в области криогенной техники, доктор физико-математических наук  |c старший научный сотрудник Томского политехнического университета  |f 1958-  |g Павел Юрьевич  |3 (RuTPU)RU\TPU\pers\29832 
701 1 |a Юшков  |b Ю. Г.  |c электрофизик  |c профессор Томского политехнического университета, доктор технических наук  |f 1937-  |g Юрий Георгиевич  |3 (RuTPU)RU\TPU\pers\22023 
712 0 2 |a Национальный исследовательский Томский политехнический университет (ТПУ)  |b Физико-технический институт (ФТИ)  |b Лаборатория № 46  |3 (RuTPU)RU\TPU\col\19319 
801 2 |a RU  |b 63413507  |c 20160202  |g RCR 
856 4 |u http://elibrary.ru/item.asp?id=21115141 
942 |c CF